LEADER 01750nam 22004693 450 001 9911046558703321 005 20251203080624.0 010 $a3-527-85274-3 010 $a3-527-85272-7 035 $a(MiAaPQ)EBC32432295 035 $a(Au-PeEL)EBL32432295 035 $a(CKB)43902310900041 035 $a(OCoLC)1559203262 035 $a(EXLCZ)9943902310900041 100 $a20251203d2026 uy 0 101 0 $aeng 135 $aurcnu|||||||| 181 $ctxt$2rdacontent 182 $cc$2rdamedia 183 $acr$2rdacarrier 200 10$aCircular Steel Production $ePathways to Net-Zero Carbon Emissions 205 $a1st ed. 210 1$aNewark :$cJohn Wiley & Sons, Incorporated,$d2026. 210 4$dİ2026. 215 $a1 online resource (505 pages) 311 08$a3-527-35315-1 330 $aState-of-the-art, multidisciplinary guide delivering pathways to net-zero carbon emissions in steel production and circular resource flow through the Bio Steel Cycle Circular Steel Production introduces the concept of the Bio Steel Cycle, exploring several innovative research directions in the field of carbon avoidance, utilization, and. 606 $aSCIENCE / Chemistry / General$2bisacsh 606 $aSCIENCE / Energy$2bisacsh 606 $aTECHNOLOGY & ENGINEERING / Materials Science / Metals & Alloys$2bisacsh 615 7$aSCIENCE / Chemistry / General 615 7$aSCIENCE / Energy 615 7$aTECHNOLOGY & ENGINEERING / Materials Science / Metals & Alloys 676 $a669.1 700 $aKiessling$b Sandra$01866240 801 0$bMiAaPQ 801 1$bMiAaPQ 801 2$bMiAaPQ 906 $aBOOK 912 $a9911046558703321 996 $aCircular Steel Production$94473603 997 $aUNINA